Cooperation and community in rural Thailand: an organizational analysis of participatory rural development (Record no. 486344)

000 -LEADER
fixed length control field 00499cam a22001337a 4500
008 - FIXED-LENGTH DATA ELEMENTS--GENERAL INFORMATION
fixed length control field 180718b1998 xxu||||| |||| 00| 0 eng d
082 ## - DEWEY DECIMAL CLASSIFICATION NUMBER
Classification number B136x593 Sh61
100 ## - MAIN ENTRY--PERSONAL NAME
Personal name Shigetomi, Shin'ichi
245 ## - TITLE STATEMENT
Title Cooperation and community in rural Thailand: an organizational analysis of participatory rural development
Statement of responsibility, etc. by Shin'ichi Shigetomi
260 ## - PUBLICATION, DISTRIBUTION, ETC.
Place of publication, distribution, etc. Tokyo
Name of publisher, distributor, etc. Institute of Developing Economic
Date of publication, distribution, etc. 1998
300 ## - PHYSICAL DESCRIPTION
Extent 148p.
650 ## - SUBJECT ADDED ENTRY--TOPICAL TERM
Topical term or geographic name entry element Village communities - Thailand
650 ## - SUBJECT ADDED ENTRY--TOPICAL TERM
Topical term or geographic name entry element Rural development - Thailand
Holdings
Withdrawn status Lost status Damaged status Not for loan Permanent Location Current Location Date acquired Full call number Barcode Date last seen Price effective from Koha item type
        Indian Institute of Public Administration Indian Institute of Public Administration 2018-08-04 B136x593 Sh61 GR14836 2018-08-04 2018-08-04 GR

Powered by Koha